| 000 | 01036nam0a22002531 4500 | ||
|---|---|---|---|
| 001 | rc\4608703 | ||
| 005 | 20260406115708.0 | ||
| 021 |
_aRU _b[69-19677] |
||
| 035 | _a(NLR Aleph) 008669880 | ||
| 090 |
_a9113607 _c9113607 |
||
| 100 | _a20130416d1968 |||y0rusy50 ca | ||
| 101 | 0 | _arus | |
| 102 | _aRU | ||
| 105 | _ay z ||||| | ||
| 200 | 1 |
_aОхрана природы и природных ресурсов _e[Сборник] _fМ-во сел. хоз-ва СССР. Гл. упр. по охране природы, заповедникам и охотничьему хоз-ву. Центр. лаборатория охраны природы |
|
| 210 |
_aМосква _c[ВИНТИСХ] _d1968 |
||
| 215 |
_a60 с. _d21 |
||
| 606 |
_aОхрана природы _jСборники _2psbo |
||
| 712 | 0 | 2 |
_aЦентральная лаборатория охраны природы _cМосква _9296628 _3RU\NLR\AUTH\8811968 |
| 801 | 0 |
_aRU _bNLR _gpsbo |
|
| 801 | 1 |
_aRU _bELAR _2rusmarc |
|
| 852 |
_aNLR _j69-6/3387 |
||
| 942 | _cBOOK | ||
| 980 | _aNB | ||